01254nam a2200289 a 450000100060000000300090000600800410001501500210005602000150007704000280009204100130012008200180013310000230015124501330017425000120030726000400031930000290035950000220038865000410041070000500045191700180050194200120051999900150053195201430054695201400068995201350082926296CO-ViMGA141112s2004 ck r 000 u spa d ack - 2004 - xxxx a9583016950 aCO-ViMGAbspacCO-ViMGA aspabeng04aI808.068 M14n1 aMalam, John94106510aNo te gustaría ser prisionero de piratas! / cJohn Malam ; ilustrado por David Antram ; creado y diseñado por David Salariya a1a. ed. aBogotá : bPanAméricana, c2005 a32 p. : il. col. ; 25 cm aIncluye glosario.14aPiratas - Literatura infantil9410661 aAntram, David, 1958 - , ilustrador il.941067 a3172 20050623 2ddccBK c9191d9191 00102ddc40708008aMEVIECARbMEVIECARd2015-12-04h05/ago/2011l2oMALn p24573r2026-05-08 19:48:46s2026-03-24tEj. 1w2015-12-04yBK 00102ddc40708008aMEVIECARbMEVIECARd2015-12-04h15/dic/2014l0oI808.068 M14n p27870r2015-12-04 00:00:00tEj. 1w2015-12-04yBK 00102ddc40708INFaMEGRANADbMEGRANADcSInfd2025-07-22l0oI808.068 M14npGRDA00122r2025-07-22 08:53:56tEj.1w2025-07-22yBK